El ecoturismo y su impacto ambiental

Guardat en:
Dades bibliogràfiques
Autor principal: Alfaro Loría, Edgar
Format: Llibre
Publicat: San José, Costa Rica 1992
Matèries:
Etiquetes: Afegir etiqueta
Sense etiquetes, Sigues el primer a etiquetar aquest registre!

MARC

LEADER 00000nam a2200000Ia 4500
003 005541
005 20230623152128.0
008 140114s1992 cr a 000 ||s d
040 |c cru CEDI 
100 |a Alfaro Loría, Edgar  |9 12244 
245 |a El ecoturismo y su impacto ambiental 
260 |a San José, Costa Rica  |c 1992 
300 |a  vii, [88] hojas : ilustraciones ; 28 cm.  
500 |a  Tesis (licenciatura en ingeniería civil)--Universidad de Costa Rica. Facultad de Ingeniería. Escuela de Ingeniería Civil 
650 |x TURISMO ECOLOGICO - COSTA RICA   |x EVALUACION DEL IMPACTO AMBIENTAL  |9 12245 
942 |c CEDI  |h TFG 2663  |6 TFG_2663_000000000000000 
999 |c 20010  |d 20010